| 000 | 00671nam a2200229Ia 4500 | ||
|---|---|---|---|
| 001 | 2253 | ||
| 003 | GE_BSU | ||
| 008 | 181216s||||||||xx |||||||||||||| ||und|| | ||
| 020 | _a9667393895 | ||
| 040 | _cGE_BSU | ||
| 080 | _a510.5 | ||
| 100 | _aСеджвик,Роберт | ||
| 245 | _aФундаментальные алгоритмы на С++. ч.1-4 | ||
| 245 | _bАнализ структуры данных.Сортировка. Поиск. | ||
| 260 | _aМосква | ||
| 260 | _bДиасофт | ||
| 260 | _c2001 | ||
| 300 | _a688стр.26см. | ||
| 541 | _h60л. | ||
| 653 | _aФундаментальные алгоритмы на С++ | ||
| 942 | _cBK | ||
| 999 |
_c36344 _d36344 |
||